| 000 | 01643cam a2200313 a 4500 | ||
|---|---|---|---|
| 001 | 000007657 | ||
| 005 | 20200929154241.0 | ||
| 008 | 900508k19891993sp 000 f spa d | ||
| 020 | _a8478520031 | ||
| 035 | _a(DLC) 90153289 | ||
| 040 |
_aDO-SdBNP _bspa _cDLC _dBNPHU |
||
| 082 |
_a863.6 _bC431ó |
||
| 100 | 1 |
_aChacel, Rosa, _d1898-1994. _915667 |
|
| 245 | 1 | 0 |
_aObra completa / _cRosa Chacel ; edición, prólogo y notas Ana Rodríguez Fischer. |
| 260 |
_aValladolid : _bExcma. Diputación Provincial de Valladolid; _bCentro de Creación y Estudios Jorge Guillén, _c1989-1993. |
||
| 300 |
_av. ; _c22 cm. |
||
| 500 | _aLa biblioteca solo posee los volúmenes 1, 3 y 4. | ||
| 504 | _aIncluye referencias bibliográficas. | ||
| 505 | 0 |
_gv. 1. _tLa sinrazón / _restudio preliminar de Ana Rodríguez Fischer -- _gv. 2. _tEnsayo y poesía / _restudio preliminar de Félix Pardo -- _gv. 3-4. _tArtículos / _redición, prólogo y notas de Ana Rodríguez Fischer -- _gv. 7. _tNarrativa breve / _redición de Carlos Pérez Chacel y Antonio Piedra ; prólogo de Ana Rodríguez Fischer -- _gv. 8. _tAutobigrafías / _redición de Carlos Pérez Chacel y Antonio Piedra ; prólogo de Ana Rodríguez Fischer -- _gv. 9. _tDiarios / _redición de Carlos Pérez Chacel y Antonio Piedra ; prólogo de Ana Rodríguez Fischer. |
|
| 650 | 4 |
_aNovela española _91123 |
|
| 650 | 4 |
_aLiteratura española _9632 |
|
| 700 | 1 |
_aRodríguez Fischer, Ana, _eed. _915060 |
|
| 700 | 1 |
_aPardo, Félix. _921234 |
|
| 700 | 1 |
_aPérez Chacel, Carlos, _eed. _921235 |
|
| 700 | 1 |
_aPiedra, Antonio, _eed. _911984 |
|
| 910 | _aCatalogación por copia / LC | ||
| 910 | _aWM | ||
| 049 | _aBNGR | ||
| 999 |
_c7437 _d7437 |
||